| 000 | 01187nam a2200277 i 4500 | ||
|---|---|---|---|
| 001 | 000044552 | ||
| 003 | DO-SdBNP | ||
| 005 | 20250701130549.0 | ||
| 007 | ta | ||
| 008 | 140714s2022 dr ac 000 0 spa d | ||
| 020 | _a9789945937305 | ||
| 040 |
_aDO-SdBNP _bspa _cBNPHU _erda |
||
| 082 |
_a001.434 _bC749i |
||
| 111 | 2 |
_aCongreso Internacional de tecnologías de la información, coomunicación y educación a distancia _n(6 y 7 de abril. : 2022 : _c(Auditorio Dorothy Van Vleet, Universidad Federico Henrínq2uez y Carvajal, Santo Domingo) _972565 |
|
| 245 | 1 | 0 |
_aMemorias del XII congreso internacional de tecnologías de la información, comunicación y educación a distancia : _bXII Citiced 2022 |
| 264 |
_aSanto Domingo : _bUFHEC, _c2022. |
||
| 300 |
_a112 paginas . : _bilustraciones,. ; _c27 cm. |
||
| 336 |
_2rdacontent _atexto _btxt |
||
| 337 |
_2rdamedia _asin mediación _bn |
||
| 338 |
_2rdacarrier _avolumen _bnc |
||
| 590 | _aInventariado, 2023 / DG | ||
| 710 | 1 |
_aRepública Dominicana. _bMinisterio de Educación Superior, Ciencia y Tecnología _972559 |
|
| 830 |
_nMinisterio de Educación Superior Ciencia y Tecnología _984254 |
||
| 910 | _aDG | ||
| 942 |
_2ddc _cLBS1 |
||
| 999 |
_c54899 _d54899 |
||